Kabale University Library Catalogue

The stakes : (Record no. 6181)

MARC details
000 -LEADER
fixed length control field 01142cam a2200277 a 4500
005 - DATE AND TIME OF LATEST TRANSACTION
control field 20260311193025.0
008 - FIXED-LENGTH DATA ELEMENTS--GENERAL INFORMATION
fixed length control field 030203s2002 couabf b 001 0 eng d
020 ## - INTERNATIONAL STANDARD BOOK NUMBER
International Standard Book Number 0813340780
020 ## - INTERNATIONAL STANDARD BOOK NUMBER
International Standard Book Number 9780813340784
040 ## - CATALOGING SOURCE
Original cataloging agency KABLIB
Transcribing agency KABLIB
Description conventions rda
082 ## - DEWEY DECIMAL CLASSIFICATION NUMBER
Edition number 23
Classification number 327.56
Item number TEL
100 1# - MAIN ENTRY--PERSONAL NAME
Personal name Telhami, Shibley.
9 (RLIN) 15712
245 14 - TITLE STATEMENT
Title The stakes :
Remainder of title America and the Middle East : the consequences of power and the choice for peace /
Statement of responsibility, etc. Shibley Telhami.
246 30 - VARYING FORM OF TITLE
Title proper/short title America and the Middle East
246 30 - VARYING FORM OF TITLE
Title proper/short title Consequences of power and the choice for peace
260 ## - PUBLICATION, DISTRIBUTION, ETC.
Place of publication, distribution, etc. Boulder, Colo. :
Name of publisher, distributor, etc. Westview Press,
Date of publication, distribution, etc. c2002.
300 ## - PHYSICAL DESCRIPTION
Extent xiii, 204 p. :
Other physical details ill., maps ;
Dimensions 22 cm.
504 ## - BIBLIOGRAPHY, ETC. NOTE
Bibliography, etc. note Includes bibliographical references (p. 185-188), index.
650 #0 - SUBJECT ADDED ENTRY--TOPICAL TERM
Topical term or geographic name entry element Arab-Israeli conflict
Chronological subdivision 1993-
General subdivision Peace.
9 (RLIN) 15713
650 #0 - SUBJECT ADDED ENTRY--TOPICAL TERM
Topical term or geographic name entry element Terrorism
Geographic subdivision Middle East.
9 (RLIN) 15714
651 #0 - SUBJECT ADDED ENTRY--GEOGRAPHIC NAME
Geographic name Middle East
General subdivision Foreign relations
Geographic subdivision United States.
9 (RLIN) 15715
651 #0 - SUBJECT ADDED ENTRY--GEOGRAPHIC NAME
Geographic name United States
General subdivision Foreign relations
Geographic subdivision Middle East.
9 (RLIN) 15716
651 #0 - SUBJECT ADDED ENTRY--GEOGRAPHIC NAME
Geographic name United States
General subdivision Foreign relations
Chronological subdivision 20th century.
9 (RLIN) 15509
651 #0 - SUBJECT ADDED ENTRY--GEOGRAPHIC NAME
Geographic name Middle East
General subdivision Politics and government
Chronological subdivision 20th century.
9 (RLIN) 15717
942 ## - ADDED ENTRY ELEMENTS (KOHA)
Source of classification or shelving scheme Dewey Decimal Classification
Koha item type Book
Holdings
Withdrawn status Lost status Source of classification or shelving scheme Damaged status Not for loan Home library Current library Shelving location Date acquired Source of acquisition Total Checkouts Full call number Barcode Date last seen Price effective from Koha item type
    Dewey Decimal Classification     Mukombe Library Mukombe Library Open Access Section 11.03.2026 Donated   327.56 TEL 14610 11.03.2026 11.03.2026 Book

Kabale University Library | Kabale University P.O Box 317, Kabale, Uganda
Tel : +256754017033, +256774661503 E-mail : library@kab.ac.ug